Eduardo Calsamiglia poeta lírico-románico, dramaturgo y poeta humorísttico-satírico

Zapisane w:
Opis bibliograficzny
1. autor: Rodríguez V, María Eugenia
Format: Książka
Język:Undetermined
Wydane: San José, Costa Rica Escuela de Filosofía, Universidad de Costa Rica 1962
Hasła przedmiotowe:
Etykiety: Dodaj etykietę
Nie ma etykietki, Dołącz pierwszą etykiete!

MARC

LEADER 00000nam a2200000Ia 4500
008 170316s9999 xx 000 0 und d
040 |a cru BVZT 
090 |a TESIS 210 
100 |a Rodríguez V, María Eugenia 
245 |a Eduardo Calsamiglia poeta lírico-románico, dramaturgo y poeta humorísttico-satírico 
260 |a San José, Costa Rica 
260 |b Escuela de Filosofía, Universidad de Costa Rica 
260 |c 1962 
300 |a 182 páginas 
650 |a LICENCIATURA EN FILOSOFÍA Y LETRAS 
650 |a TRABAJO FINAL DE GRADUACIÓN 
999 |c 13823  |d 13823 
942 |c TFG  |h TESIS 210  |2 z